Vplyv zelených inovácií na spotrebiteľa bakalárska práca

Gespeichert in:
Bibliographische Detailangaben
1. Verfasser: Švecová, Dominika
Körperschaft: Obchodná fakulta EU. Katedra marketingu
Weitere Verfasser: Popovičová, Dominika, 1997-
Format: Buch
Sprache:Slowakisch
Veröffentlicht: Bratislava 2024
Tags: Tag hinzufügen
Keine Tags, Fügen Sie das erste Tag hinzu!

MARC

LEADER 00000nbm a2200000 4500
001 0302402
005 20250623103332.2
041 0 |a slo 
044 |a SK 
245 1 0 |a Vplyv zelených inovácií na spotrebiteľa  |b bakalárska práca  |c Dominika Švecová ; školiteľ: Dominika Popovičová 
264 1 |a Bratislava  |c 2024 
300 |a 58 s. 
100 1 |a Švecová, Dominika 
700 1 |a Popovičová, Dominika, 1997- 
710 2 |a Obchodná fakulta EU. Katedra marketingu